[Event "17th Karpov Trophy 2019"]
[Site "Cap d'Agde"]
[Date "2019.10.26"]
[Round "5.4"]
[White "Sarana, Alexey"]
[Black "Amin, Bassem"]
[Result "1/2-1/2"]
[WhiteElo "2655"]
[BlackElo "2699"]
[Annotator "TA"]
[PlyCount "77"]
[EventDate "2019.10.25"]
[EventType "tourn"]
[EventCountry "FRA"]
[SourceTitle "playchess.com"]
[Source "ChessBase"]
[SourceQuality "1"]

{[%evp 17,77,33,43,20,56,49,40,33,60,62,87,81,88,82,79,82,81,89,91,79,85,86,86,86,86,81,89,22,12,12,12,12,20,4,7,0,0,0,0,0,0,0,0,0,0,0,0,0,0,0,0,0,0,0,0,0,0,0,0,0,0,0]} 1. d4 Nf6 2. c4 e6 3. Nf3 Bb4+ 4. Bd2 c5 5. Bxb4 cxb4 6. g3 b6 7. Bg2 Bb7 8. O-O O-O 9. a3 Qe7 10. Qb3 {E16: Queen's Indian: 4 g3 Bb7 5 Bg2 Bb4+} bxa3 11. Qxa3 Nc6 $146 ({Predecessor:} 11... d6 12. Nc3 Ne4 13. Nxe4 Bxe4 14. Ne1 Bxg2 15. Nxg2 Nc6 {½-½ (15) Garcia Ilundain,D (2510)-Lalic,B (2590) Benasque 1995}) 12. Nc3 {White is slightly better.} Qxa3 13. Rxa3 d6 14. Nd2 Rfd8 15. d5 exd5 16. Nxd5 Nxd5 17. Bxd5 Rd7 18. Rd1 Kf8 19. Ne4 Na5 20. Bxb7 Nxb7 21. Rd4 Rc7 22. Nxd6 ({White should play} 22. Nc3 $16) 22... Nxd6 $11 {The position is equal.} 23. Rxd6 Rxc4 24. Rxb6 $16 {[%mdl 4096] Endgame KRR-KRR} Rc2 25. b4 Rxe2 26. Rc6 Re7 27. Kg2 Rb8 28. Ra4 g6 29. Kf3 h5 30. h4 Rb5 {Threatening ...Rf5+.} 31. Rc4 Rf5+ 32. Rf4 {White wants to play Rxf5.} Rd5 33. Ra2 Rd3+ 34. Kg2 Rb3 35. Ra6 Kg7 36. Rc6 Rb7 37. Rcc4 Ra3 38. Rf3 Ra4 39. Rff4 {Accuracy: White = 60%, Black = 64%.} 1/2-1/2

[Event "17th Karpov Trophy 2019"]
[Site "Cap d'Agde"]
[Date "2019.10.26"]
[Round "6.1"]
[White "Paehtz, Elisabeth"]
[Black "Khademalsharieh, Sarasadat"]
[Result "1-0"]
[WhiteElo "2489"]
[BlackElo "2491"]
[Annotator "ChessBase"]
[PlyCount "73"]
[EventDate "2019.10.25"]
[EventType "tourn"]
[EventCountry "FRA"]
[SourceTitle "playchess.com"]
[Source "ChessBase"]
[SourceQuality "1"]
[TimeControl "1200+10"]

1. d4 Nf6 2. Bf4 e6 3. e3 c5 4. Nf3 b6 5. Nc3 a6 6. d5 d6 7. a4 e5 8. Bg5 Nbd7 9. e4 Be7 10. Nd2 O-O 11. Nc4 Ne8 12. Be3 Bg5 13. Be2 Bxe3 14. Nxe3 g6 15. O-O Ng7 16. Rb1 Qg5 17. Nc4 Qe7 18. b4 f5 19. bxc5 bxc5 20. Qd2 Ra7 21. Na5 Qe8 22. Nc6 Rc7 23. f3 f4 24. Nd1 Nf6 25. Nb2 Qf7 26. Nc4 Nge8 27. Qa5 g5 28. Nb6 Ng7 29. Bc4 g4 30. Nxe5 Qh5 31. Nxc8 Rfxc8 32. Nd3 gxf3 33. gxf3 Qg5+ 34. Kh1 Nfh5 35. Rg1 Qh4 36. Rg2 Kh8 37. Qxc7 1-0

[Event "17th Karpov Trophy 2019"]
[Site "Cap d'Agde"]
[Date "2019.10.26"]
[Round "6.2"]
[White "Bacrot, Etienne"]
[Black "Hou, Yifan"]
[Result "1-0"]
[WhiteElo "2671"]
[BlackElo "2659"]
[Annotator "TA"]
[PlyCount "57"]
[EventDate "2019.10.25"]
[EventType "tourn"]
[EventCountry "FRA"]
[SourceTitle "playchess.com"]
[Source "ChessBase"]
[SourceQuality "1"]

{[%evp 15,61,47,61,35,41,21,21,29,53,66,60,55,68,71,53,61,72,54,48,58,155,173,173,185,257,243,264,244,224,235,293,237,828,335,1711,1588,29982,29983,29983,29984,29987,29988,29993,29970,6331,6195,29983,935]} 1. e4 c5 2. Nf3 e6 3. d4 cxd4 4. Nxd4 Nf6 5. Nc3 d6 6. g4 h6 7. Rg1 Nc6 8. Be3 Be7 9. h4 {B81: Sicilian Scheveningen: Keres Attack} d5 10. exd5 Nxd5 11. Nxd5 {The position is equal.} exd5 12. g5 $146 ({Predecessor:} 12. Qe2 Qa5+ 13. c3 Be6 14. g5 Nxd4 15. Bxd4 hxg5 16. hxg5 {½-½ (69) Szabo,K (2523)-Movsesian,S (2723) Mainz 2010}) 12... hxg5 13. hxg5 Rh4 14. Qd2 $1 Nxd4 15. Bxd4 Kf8 16. O-O-O $1 Bf5 {Threatens to win with ...Rc8.} 17. f4 {Black must now prevent Bd3.} Bd6 (17... Qc7 $14) 18. Kb1 $1 $16 Qc8 ({Don't blunder} 18... Rxf4 $2 19. Rh1 $18) ({But not} 18... Bxf4 19. Qf2 $18) 19. Bd3 Bxd3 (19... Kg8 {was necessary.} 20. Bc3 Rh3) 20. Qxd3 $18 {Strongly threatening g6.} Rh3 {[#]} 21. Bxg7+ $1 {[%mdl 512]} Kxg7 22. Qxd5 Rh2 23. c3 Be7 $2 {[#]} (23... Qc5) 24. f5 (24. g6 $142 $1 {[%mdl 512]} fxg6 25. Rxg6+ $3 {[%mdl 576] Clearance} Kxg6 26. Rg1+ Kh6 27. Qf7) 24... Qc7 $2 (24... Qc5 25. f6+ {[%mdl 64] Double Attack} Kg6) 25. f6+ {[%mdl 64] Double Attack} Kf8 26. fxe7+ Qxe7 27. g6 Re8 {[#]} 28. Rge1 $1 {[%mdl 512]} Qf6 (28... Qxe1 29. Qxf7#) 29. Rxe8+ {Played: g6-g7} 1-0

[Event "17th Karpov Trophy 2019"]
[Site "Cap d'Agde"]
[Date "2019.10.26"]
[Round "6.3"]
[White "Nihal Sarin"]
[Black "Sarana, Alexey"]
[Result "1/2-1/2"]
[WhiteElo "2610"]
[BlackElo "2655"]
[Annotator "TA"]
[PlyCount "117"]
[EventDate "2019.10.25"]
[EventType "tourn"]
[EventCountry "FRA"]
[SourceTitle "playchess.com"]
[Source "ChessBase"]
[SourceQuality "1"]

{[%evp 9,117,20,18,5,5,5,0,0,10,0,0,0,21,0,-5,-25,-13,-15,-10,-26,18,0,17,10,18,17,10,8,17,22,80,-12,-18,-8,-12,-19,77,0,0,-18,0,-1,0,0,0,-10,0,0,0,0,0,0,0,0,0,0,0,0,0,0,0,0,0,0,0,0,0,0,0,0,0,0,0,0,0,0,84,0,0,0,0,0,0,0,0,0,0,0,0,0,0,0,0,0,0,0,0,0,0,0,0,0,0,0,0,0,0,0,0,0]} 1. Nf3 d5 2. d4 Nf6 3. c4 e6 4. Nc3 dxc4 5. e4 Bb4 6. Bxc4 {D24: Queen's Gambit Accepted: 3 Nf3 Nf6 4 Nc3} Nxe4 7. O-O Nxc3 8. bxc3 Bd6 9. Re1 O-O 10. Bg5 $146 ({Predecessor:} 10. Qd3 Nd7 11. Ne5 Bxe5 12. dxe5 Nb6 13. Qg3 Nxc4 {1-0 (29) Topalov,V (2760)-Caruana,F (2823) Saint Louis 2016}) 10... Qe8 11. Qd3 Nc6 12. Bb3 f6 13. Bh4 Qg6 14. Qe2 Kh8 15. Bg3 e5 16. dxe5 fxe5 17. Nxe5 Nxe5 18. Bxe5 Bg4 19. Qe4 Rf5 {[#]} (19... Qxe4 $11 20. Rxe4 Bxe5 21. Rxe5 Rae8) 20. Qd4 (20. Bg3 $1 $16) 20... Bxe5 $11 21. Rxe5 {Threatens to win with Bc2.} Bf3 {[%csl Gf3][%cal Rg6g2]} 22. g3 Qh5 {[#]} (22... Rxe5 $11 23. Qxe5 Qc6) 23. Rxf5 (23. Re7 $1 $16 {[%csl Ge7][%cal Rd4g7][%mdl 512]} Rf6 24. Bd1) 23... Qxf5 24. Bc4 Re8 25. Bf1 Qe5 26. Bg2 Bxg2 27. Kxg2 Qe4+ 28. Qxe4 Rxe4 {[%mdl 4096] Endgame KR-KR} 29. Rd1 h6 30. Rd8+ Kh7 31. Rb8 b6 32. Rb7 $1 Rc4 33. Rxa7 Rxc3 34. a4 Rc5 35. h4 Kg6 36. Kf3 Kf5 37. Ra8 Rc3+ 38. Ke2 Rc2+ 39. Ke3 Rc3+ 40. Kd4 Rc5 41. Ra7 Kg4 42. a5 g6 (42... Rxa5 $11 {remains equal.} 43. Rxc7 g5) 43. axb6 ({Better is} 43. a6 $16) 43... cxb6 {The position is equal.} 44. Rb7 Rc6 45. Rf7 Kh3 46. Kd5 Rc5+ 47. Ke4 b5 48. Rf6 b4 {Hoping for ...Rb5.} 49. Rb6 Rc4+ 50. Ke3 Rg4 51. h5 gxh5 52. Rxh6 Rg5 53. Rb6 Re5+ 54. Kf4 Re2 55. Rxb4 {Threatening mate with Kf3.} Rxf2+ 56. Kg5 Kxg3 57. Rb3+ Rf3 58. Rxf3+ Kxf3 59. Kxh5 {Accuracy: White = 72%, Black = 61%.} 1/2-1/2

[Event "17th Karpov Trophy 2019"]
[Site "Cap d'Agde"]
[Date "2019.10.26"]
[Round "6.4"]
[White "Sebag, Marie"]
[Black "Amin, Bassem"]
[Result "0-1"]
[WhiteElo "2445"]
[BlackElo "2699"]
[Annotator "TA"]
[PlyCount "106"]
[EventDate "2019.10.25"]
[EventType "tourn"]
[EventCountry "FRA"]
[SourceTitle "playchess.com"]
[Source "ChessBase"]
[SourceQuality "1"]

{[%evp 21,106,31,25,17,19,19,6,11,30,32,86,33,31,0,0,0,7,0,47,0,25,-9,29,22,20,20,65,33,79,71,85,80,87,79,82,87,93,81,89,87,75,73,78,80,98,73,98,68,98,80,110,82,69,74,114,114,114,114,126,0,0,9,82,82,82,0,66,0,99,-116,-106,-285,-277,-551,-543,-1099,-1096,-1099,-1050,-1297,0,0,0,0,0,-916,-262]} 1. e4 e5 2. Nf3 Nc6 3. Bb5 a6 4. Ba4 Nf6 5. O-O Be7 6. Re1 b5 7. Bb3 d6 8. c3 O-O 9. h3 Nb8 10. d4 Nbd7 11. c4 c6 12. Qc2 {C95: Closed Ruy Lopez: Breyer Variation with 10 d4} Bb7 13. Nc3 exd4 14. Nxd4 {The position is equal.} b4 15. Na4 {[#]} Re8 $146 {[#]} (15... c5 $14 16. Nf5 Re8) ({Predecessor:} 15... c5 16. Nf5 {1-0 (76) Shirov,A (2665)-Dragun,K (2665) Czech Republic 2016}) 16. Nf5 (16. c5 $1 $16) 16... c5 $14 17. Bf4 Bf8 {[%cal Rb7e4]} 18. f3 Ne5 19. Rad1 Qc7 20. Bg5 Re6 21. Ne3 (21. Qe2 {looks sharper.} Rae8 22. Bc2 Nc6 23. b3 g6 24. g4) 21... Ng6 22. Nd5 Nxd5 23. cxd5 Re5 24. Bd2 Rh5 25. f4 $36 {[%mdl 2048] White is really pushing.} Re8 26. Bc4 Bc8 27. f5 Ne5 28. Be2 Rh4 29. g3 Rxh3 30. Kg2 {[#]} Rh6 $1 {[%mdl 512]} 31. Bxh6 gxh6 32. b3 Qd8 33. Qd2 Bg7 34. Rh1 Qf6 35. Nb6 Nd7 36. Nxc8 Rxc8 37. Bxa6 Ra8 {[%cal Bc8a8,Ba8a5,Ba5c5][%mdl 32] [#]} 38. Bb5 $1 {[%cal Rb5d7]} Ne5 39. Rh5 Qe7 40. Rh4 (40. Re1 $16) 40... Bf6 $1 $11 {[%cal Rf6h4]} 41. Rhh1 Bg5 (41... c4 $11 {keeps the balance.}) 42. Qe2 $16 Ra5 43. Rh5 (43. Rh2 $16) 43... Kg7 ({Better is} 43... Qb7 $11 44. Bd3 Nxd3 45. Qxd3 (45. Rxd3 Qa6 $11) 45... Rxa2+ 46. Kh1 Qe7) 44. Rdh1 (44. Kh1 $14) 44... f6 (44... Qb7 $11 45. Bd3 Nxd3 46. Qxd3 Rxa2+ 47. Kf3 Qe7) 45. Ba4 $2 (45. Rb1 $16 {keeps the pressure on.}) 45... c4 $1 $17 46. Qf2 $2 (46. Ra1 $17) 46... c3 $19 47. Qb6 $2 (47. Qe2 {was called for.} Qc7 48. Qc2) 47... Rc5 48. Rxg5+ hxg5 (48... fxg5 $2 49. Bb5 $19) 49. Qxb4 c2 50. Qd2 Nc4 $2 (50... Ng4 $19 51. Qe2 c1=R 52. Rxc1 Rxc1) 51. bxc4 $11 Qxe4+ {[%mdl 64] Double Attack} 52. Kh2 {And now Bb3 would win.} Rxc4 53. Bb3 $2 {[%mdl 8192] [#]} (53. Re1 $11 Rd4 54. Qf2) 53... Qxh1+ $1 {[%mdl 576] Remove Defender, Promotion. Accuracy: White = 30%, Black = 42%.} 0-1

[Event "17th Karpov Trophy 2019"]
[Site "Cap d'Agde"]
[Date "2019.10.27"]
[Round "7.1"]
[White "Hou, Yifan"]
[Black "Sebag, Marie"]
[Result "0-1"]
[WhiteElo "2659"]
[BlackElo "2445"]
[Annotator "TA"]
[PlyCount "76"]
[EventDate "2019.10.25"]
[EventType "tourn"]
[EventCountry "FRA"]
[SourceTitle "playchess.com"]
[Source "ChessBase"]
[SourceQuality "1"]

{[%evp 9,92,5,6,0,0,0,41,37,40,30,40,41,46,30,43,30,49,25,25,10,28,-7,56,49,73,65,91,95,125,109,124,132,119,-40,273,261,277,291,267,-35,-19,-62,-6,-10,-6,-6,-6,-6,0,0,0,0,0,-93,-94,-210,-208,-328,-323,-356,-345,-322,-352,-343,-330,-353,-352,-480,-464,-440,-387,-362,-314,-312,-263,-409,-297,-272,-271,-1564,-1316,-1133,-947,-845,-806]} 1. e4 c5 2. Nf3 d6 3. Bb5+ Nd7 4. d4 cxd4 5. Qxd4 a6 6. Be2 {B51: Sicilian: Moscow Variation (3 Bb5+) without 3...Bd7} (6. Bc4 {feels hotter.} Ngf6 7. a4 Qc7 8. Nc3 e5 9. Qd3) (6. Bxd7+ Bxd7 7. Bg5 h6 8. Bh4 Qa5+ 9. Nc3 e5 10. Qd3 g5 11. Bg3 Nf6 12. h4 g4 13. Nd2 Rc8 14. h5 Be6 {0-1 (23) Duda,J (2729)-Vachier Lagrave,M (2775) Paris 2019}) 6... Ngf6 7. O-O e6 (7... e5 $5 {[%cal Re5d4]} 8. Qe3 Be7 $11) 8. c4 {White is slightly better.} Be7 9. Nc3 O-O 10. b3 Qc7 11. Ba3 b6 12. Rfd1 {[%cal Ra3d6]} Nc5 13. e5 Ne8 $146 ({Predecessor:} 13... dxe5 14. Qxe5 {½-½ (108) Carlsson,P (2463)-Bobadilla Viera,J (2302) Roquetas de Mar 2019}) 14. exd6 Bxd6 15. Bb2 (15. b4 $5 {[%cal Rb4c5]} Nd7 16. Ne4 $14) 15... e5 ({Black should try} 15... Bb7 $11) 16. Qd2 $36 {[%mdl 2048] White is more active.} e4 17. Nd5 Qb8 {[#]} 18. Nd4 $1 Bxh2+ 19. Kh1 Bd6 20. b4 Na4 21. Ba3 $2 ({White must play} 21. Nc6 $16 Qb7 22. Nf6+ Nxf6 23. Bxf6) 21... a5 $2 {[%mdl 8192] [#]} (21... Be6 $15 {stays ahead.}) 22. c5 $1 $18 {[%mdl 512]} bxc5 23. bxc5 Bxc5 24. Rab1 $2 (24. Bxc5 $18 Nxc5 25. Rac1) 24... Qd6 $1 $15 {[%cal Rd6d5]} 25. Nb5 Qd8 ({Black should play} 25... Qe5 $15) 26. Bxc5 $11 Nxc5 27. Qe3 {[#]} Nd3 $1 28. Bxd3 exd3 29. Ne7+ Kh8 30. Rxd3 Bd7 31. Qe5 (31. Rbd1 $11 Nf6 32. Nf5) 31... Nf6 $17 {Threatens to win with ...Re8.} 32. Nc7 (32. Nf5 $17) 32... Ng4 $19 {[%mdl 64] Double Attack} 33. Qd6 (33. Qc5 $142 Nxf2+ {[%mdl 64] Deflection} 34. Qxf2 Qxc7 35. Nd5) 33... Nxf2+ 34. Kg1 Nxd3 35. Nxa8 Be6 36. Qxd8 Rxd8 37. Nc7 Bxa2 38. Rd1 a4 {Played: Rd8-d7} 0-1

[Event "17th Karpov Trophy 2019"]
[Site "Cap d'Agde"]
[Date "2019.10.27"]
[Round "7.2"]
[White "Khademalsharieh, Sarasadat"]
[Black "Bacrot, Etienne"]
[Result "1/2-1/2"]
[WhiteElo "2491"]
[BlackElo "2671"]
[Annotator "TA"]
[PlyCount "105"]
[EventDate "2019.10.25"]
[EventType "tourn"]
[EventCountry "FRA"]
[SourceTitle "playchess.com"]
[Source "ChessBase"]
[SourceQuality "1"]

{[%evp 18,105,26,18,29,12,61,62,50,39,47,45,52,56,54,50,73,43,80,85,100,91,85,53,48,30,30,0,0,0,0,0,0,0,31,0,0,-55,-39,-58,-52,-59,0,0,0,0,0,0,35,8,8,8,8,9,16,8,8,6,15,3,3,7,15,21,16,16,16,16,107,3,3,3,16,18,34,3,3,0,36,0,0,0,0,0,0,0,3,0,3,0]} 1. d4 e6 2. c4 Nf6 3. Nf3 b6 4. g3 Bb7 5. Bg2 Bb4+ 6. Bd2 c5 7. O-O O-O 8. Bxb4 cxb4 9. a3 bxa3 10. Rxa3 d5 {E16: Queen's Indian: 4 g3 Bb7 5 Bg2 Bb4+} 11. Ne5 Nbd7 $146 ({Predecessor:} 11... Qe7 12. cxd5 Bxd5 13. Bxd5 Nxd5 14. Nc3 Nb4 15. Qa4 f6 16. Nf3 N8c6 17. e4 Rad8 18. d5 exd5 19. exd5 {½-½ (32) Ma,Z (2465)-Bu,X (2713) China 2017}) 12. Nc3 Qe7 {White is slightly better.} 13. Qa1 a5 14. Nxd7 Qxd7 15. Na4 Qd8 16. c5 Nd7 17. Rb3 {[%cal Ra4b6]} b5 18. Rxb5 Ba6 19. Rb3 Bxe2 20. Re1 Bc4 21. Rc3 Rb8 22. Qa3 Qc7 23. b3 Bb5 24. Nb2 Ra8 25. Qa1 Nb8 26. Qd1 (26. Nc4 $5) 26... Nc6 27. Qd2 (27. Bf1 $11 Bxf1 28. Kxf1) 27... Rab8 28. f4 Qd8 29. Rd1 Ba6 (29... Qf6 $15) 30. Qe3 $1 $11 Rb4 31. Nc4 $1 dxc4 32. Bxc6 Qc7 33. Bf3 cxb3 34. Rxb3 Bb7 35. c6 Bxc6 {Hoping for ...Qb6.} 36. Rxb4 Bxf3 37. Rc1 $36 {[%mdl 2048] White has the initiative.} Qxc1+ 38. Qxc1 axb4 {[%mdl 4096] Endgame KQ-KRB} 39. Qc4 $1 Rb8 40. Qc7 $1 {[%cal Rc7b8] [#]} Ra8 {Strongly threatening ...Bd5.} 41. Qb6 Bd5 {And now ...b3 would win.} 42. Qxb4 h5 (42... Ra1+ $11 43. Kf2 Ra2+ 44. Ke1 g6) 43. h4 (43. f5 $16) 43... g6 44. Qd6 Kg7 45. Qe5+ Kg8 46. f5 gxf5 47. Qf6 Bf3 48. Kf2 {[%mdl 1024] White has compensation.} Ra3 $1 {The position is equal.} 49. Qg5+ Kf8 50. Qd8+ Kg7 51. Qg5+ Kf8 52. Qd8+ Kg7 53. Qg5+ {Accuracy: White = 57%, Black = 64%.} 1/2-1/2

[Event "17th Karpov Trophy 2019"]
[Site "Cap d'Agde"]
[Date "2019.10.27"]
[Round "7.3"]
[White "Amin, Bassem"]
[Black "Nihal Sarin"]
[Result "1/2-1/2"]
[WhiteElo "2699"]
[BlackElo "2610"]
[Annotator "TA"]
[PlyCount "45"]
[EventDate "2019.10.25"]
[EventType "tourn"]
[EventCountry "FRA"]
[SourceTitle "playchess.com"]
[Source "ChessBase"]
[SourceQuality "1"]

{[%evp 12,45,8,18,7,9,12,0,0,-26,12,0,0,0,12,-28,0,0,0,0,0,0,0,-14,-15,-22,-15,-20,-16,-21,0,0,0,-12,0,0]} 1. e4 e5 2. Nf3 Nc6 3. Bc4 Bc5 4. c3 Nf6 5. d3 O-O 6. Nbd2 d6 7. O-O a5 {C54: Giuoco Piano: 4 c3 Nf6, main lines with 5 d4 and 5 d3} 8. h3 h6 9. Bb3 Be6 10. Bc2 d5 11. exd5 Qxd5 12. Re1 Rad8 $146 ({Predecessor:} 12... Rfe8 13. Qe2 Rad8 14. Ne4 Nxe4 15. dxe4 {½-½ (31) Andriasian,Z (2585)-Anton Guijarro,D (2666) Riadh 2017}) 13. Nf1 {[#]} e4 $1 {[%mdl 512]} 14. dxe4 {The position is equal.} Qxd1 15. Bxd1 {[#]} Nxe4 $1 {[%mdl 512]} 16. Be3 (16. Rxe4 Rxd1) 16... Bxe3 17. Rxe3 Nc5 18. Bc2 Rfe8 19. Rae1 Kf8 20. b3 Bd5 21. Rxe8+ Rxe8 22. Rxe8+ Kxe8 23. N3d2 {Accuracy: White = 36%, Black = 57%.} 1/2-1/2

[Event "17th Karpov Trophy 2019"]
[Site "Cap d'Agde"]
[Date "2019.10.27"]
[Round "7.4"]
[White "Sarana, Alexey"]
[Black "Paehtz, Elisabeth"]
[Result "1/2-1/2"]
[WhiteElo "2655"]
[BlackElo "2489"]
[Annotator "TA"]
[PlyCount "207"]
[EventDate "2019.10.25"]
[EventType "tourn"]
[EventCountry "FRA"]
[SourceTitle "playchess.com"]
[Source "ChessBase"]
[SourceQuality "1"]

{[%evp 17,207,15,27,0,9,0,9,0,14,21,16,14,9,-17,-23,-28,-14,-30,-7,-13,0,0,11,4,7,0,0,0,7,0,11,0,16,11,11,9,12,11,20,11,11,0,4,0,11,2,2,2,8,0,6,20,34,0,25,2,13,8,10,10,21,8,8,8,8,8,29,8,15,16,15,17,14,18,35,8,8,22,66,66,66,68,69,0,325,0,0,0,0,0,0,0,5,5,5,5,5,5,5,5,5,5,5,5,5,5,5,5,12,12,12,12,12,12,37,12,12,12,12,12,12,12,58,58,58,53,58,58,58,53,53,12,12,0,53,53,58,0,0,0,0,0,19,5,12,5,53,53,53,12,12,12,12,12,12,0,0,0,0,0,0,0,0,0,0,0,0,0,0,0,0,0,0,0,0,0,0,0,0,0,0,0,0,0,0,0,0,0,0,0,0,0]} 1. d4 e6 2. Nf3 Nf6 3. c4 Bb4+ 4. Bd2 a5 5. g3 d5 6. Qc2 Nc6 7. Bg2 dxc4 8. Qxc4 Qd5 9. Qxd5 exd5 10. a3 {E11: Bogo-Indian} Bxd2+ 11. Nbxd2 a4 12. O-O Be6 13. Rfc1 Ke7 14. e3 Rhc8 {[#]} 15. b4 $146 ({Predecessor:} 15. Bf1 Ra5 16. Rc3 Kd6 17. Rac1 h6 {1-0 (63) Skembris,S (2560)-Fyllingen,R (2295) Gausdal 1993}) 15... axb3 16. Nxb3 Ne4 17. Nfd2 Nxd2 (17... Na5 {seems wilder.} 18. a4 b6 19. Bf3 f6 20. Kg2 f5) 18. Nxd2 Na5 19. Rab1 c6 20. a4 Ra7 21. e4 Rd8 22. Rb4 dxe4 23. Bxe4 Bd5 (23... Kf8 {is interesting.} 24. Bf3 h6 25. Be4 g6 26. Nf3 Kg7) 24. Bxd5 (24. Bxh7 g6 $17) 24... Rxd5 (24... cxd5 {looks sharper.} 25. Rb5 Rd7 26. Re1+ Kd8 27. Ra1 Ra6) 25. Ne4 Ra8 26. Nc5 Rb8 27. Rcb1 {[%cal Rc5b7]} Kf6 28. Kg2 g6 29. Kf3 Rf5+ 30. Kg2 {[#] Black must now prevent Nd7+.} Rd5 31. Re1 Rbd8 32. Re4 h5 33. h4 ({Don't go for} 33. Nxb7 $2 Rb8 $19) 33... Kg7 34. Re7 Kf8 35. Re4 Re8 36. Kf3 Rf5+ (36... Red8 {keeps more tension.} 37. Rf4 Kg7 38. Kg2 Rb8 39. Ne4 Rc8) 37. Rf4 {Hoping for Rxf5.} Rxf4+ 38. Kxf4 $11 {[%mdl 4096] Endgame KRN-KRN} Re2 39. f3 Re7 40. g4 hxg4 41. fxg4 f6 42. Ne4 Kg7 43. h5 Rd7 44. h6+ Kxh6 45. Nxf6 g5+ 46. Kf5 (46. Ke5 $5 {[%cal Rf6d7]} Rf7 47. Ke6 $16) 46... Rf7 $1 47. Ke6 $1 {[%cal Re6f7]} Kg6 48. Nd7 {[#] Threatens to win with Ne5+.} Rf4 49. Kd6 {aiming for Kc5.} b5 $1 50. Ne5+ (50. axb5 $14 cxb5 51. Kc5 (51. Rxb5 Rxd4+ 52. Kc5 Rxd7 $11)) 50... Kh6 $2 {[%mdl 8192]} (50... Kf6 $11 {and Black is okay.}) 51. Ke6 $2 ({Inferior is} 51. Nxc6 Rf6+ 52. Kc5 Nxc6 $11) (51. axb5 $18 cxb5 52. Ke6 (52. Rxb5 Rxd4+ 53. Ke6 Nc6 $16)) 51... bxa4 52. Rxa4 Nb3 53. Nxc6 {Rb4 is the strong threat.} Rxg4 54. Rb4 (54. Kd5 {with more complications.} Nd2 55. Ne5 Rf4 56. Ra2 Ne4 57. Rh2+) 54... Nxd4+ (54... Nd2 {feels hotter.} 55. Rb2 Nc4 56. Rb5 Rf4 57. Ne7 Re4+) 55. Nxd4 {KRN-KR} Rf4 56. Ke5 Kh5 57. Rb1 Rf2 58. Rb8 Kg4 59. Ke4 Rf4+ 60. Ke3 Rf7 61. Rb1 Re7+ 62. Kf2 Kf4 63. Rb5 g4 64. Ne2+ Ke4 65. Ng3+ Kd3 66. Nf5 g3+ 67. Kxg3 Re8 68. Kf4 Rf8 69. Rd5+ Kc4 70. Rd1 Kc5 71. Ra1 Re8 72. Rc1+ Kd5 73. Ne3+ Kd6 74. Nc4+ Kd5 75. Ne3+ Kd6 $1 76. Rc2 Rf8+ 77. Ke4 (77. Nf5+ $14 Kd5 78. Re2) 77... Re8+ 78. Kd4 Ra8 79. Re2 Rd8 80. Nd5 Rh8 81. Nf4 Rh4 82. Re6+ Kd7 83. Rf6 Rg4 {The position is equal.} 84. Kc5 Rg5+ 85. Nd5 Rg1 86. Rd6+ Ke8 87. Re6+ Kf7 88. Rf6+ Kg7 89. Rf3 Rg6 90. Nf4 Ra6 91. Kd5 Kf6 92. Ne6+ Kg6 93. Nc7 Rb6 94. Ke5 Rb1 95. Nd5 Re1+ 96. Ne3 Re2 97. Ke6 Kg5 98. Rf5+ Kg6 99. Re5 Ra2 100. Nf5 Ra6+ 101. Nd6 Rb6 102. Re1 Kg5 103. Ke5 Kg4 104. Rg1+ {Accuracy: White = 43%, Black = 65%.} 1/2-1/2

[Event "17th Karpov Trophy 2019"]
[Site "Cap d'Agde"]
[Date "2019.10.27"]
[Round "8.2"]
[White "Khademalsharieh, Sarasadat"]
[Black "Hou, Yifan"]
[Result "1/2-1/2"]
[WhiteElo "2491"]
[BlackElo "2659"]
[Annotator "TA"]
[PlyCount "53"]
[EventDate "2019.10.25"]
[EventType "tourn"]
[EventCountry "FRA"]
[SourceTitle "playchess.com"]
[Source "ChessBase"]
[SourceQuality "1"]

{[%evp 11,53,38,44,41,45,39,53,33,34,27,39,33,20,19,38,3,3,12,12,3,3,4,4,4,4,4,9,6,14,0,0,0,0,0,0,0,0,0,0,0,20,7,26,0]} 1. d4 e6 2. c4 b6 3. Nf3 Bb7 4. g3 f5 5. Bg2 Nf6 6. O-O Bd6 7. Nc3 {A84: Dutch Defence: 2 c4 Miscellaneous} (7. b3 O-O 8. Bb2 a5 9. Nc3 Na6 10. a3 Qe8 11. e3 Rb8 12. Qe2 h6 13. Rfd1 Be7 14. Ne5 Bxg2 15. Kxg2 {0-1 (39) Kojima,S (2403)-Hou,Y (2686) Honolulu 2015}) 7... O-O 8. d5 Na6 9. Nd4 {White is slightly better.} Nc5 10. Ncb5 $146 ({Predecessor:} 10. dxe6 Bxg2 11. Kxg2 dxe6 {½-½ (27) Tichy,V (2256)-Priehoda,V (2361) Czechia 2009}) 10... Be5 11. Nf3 a6 12. Nxe5 axb5 13. dxe6 {aiming for Bxb7.} (13. b4 {seems wilder.} Nce4 14. dxe6 d6 15. f3 Nc3 16. Qc2) 13... Bxg2 14. Kxg2 dxe6 15. cxb5 Qxd1 16. Rxd1 {Threatening Be3.} Nb3 $1 $132 {[%cal Rb3a1][%mdl 2048] Black is fighting back} 17. Rb1 Rxa2 18. Nd7 Nxd7 19. Rxd7 Rf7 20. Rxf7 Kxf7 $11 {[%mdl 4096] Endgame KRB-KRN} 21. Bf4 Ra5 22. Rd1 Rxb5 23. Bxc7 Nc5 24. Be5 Ne4 25. f4 {Threatens to win with Rd7+.} Nf6 26. Ra1 Rd5 27. Ra6 {Accuracy: White = 49%, Black = 78%.} 1/2-1/2